000 01426nam a2200325 a 4500
001 ebr10493517
003 CaPaEBR
006 m u
007 cr cn|||||||||
008 110727s2011 enkab sb 000 0beng d
010 _z 2011378255
020 _z1848166753
020 _z9781848166752
020 _z9781848166769 (e-book)
040 _aCaPaEBR
_cCaPaEBR
035 _a(OCoLC)759158719
043 _ae-ur---
050 1 4 _aQD22.S77
_bA3 2011eb
245 0 0 _aA.G. Stromberg
_h[electronic resource] :
_bfirst class scientist, second class citizen : letters from the GULAG and a history of electroanalysis in the USSR /
_cRichard G. Compton ... [et al.].
260 _aLondon :
_bImperial College Press ;
_aHackensack, N.J. :
_bDistributed by World Scientific Pub. Co. Pte. Ltd.,
_cc2011.
300 _axii, 363 p. :
_bill. (some col.), maps.
504 _aIncludes bibliographical references.
533 _aElectronic reproduction.
_bPalo Alto, Calif. :
_cebrary,
_d2011.
_nAvailable via World Wide Web.
_nAccess may be limited to ebrary affiliated libraries.
600 1 0 _aStromberg, A. G.
_q(Armin G.)
_vCorrespondence.
650 0 _aChemists
_zSoviet Union
_vBiography.
655 7 _aElectronic books.
_2local
700 1 _aCompton, R. G.
710 2 _aebrary, Inc.
856 4 0 _uhttp://site.ebrary.com/lib/rucke/Doc?id=10493517
_zAn electronic book accessible through the World Wide Web; click to view
999 _c126825
_d126825